000 00769nam a2200205Ii 4500
003 JO-AjNU
008 230605s9999||||xx |||||||||||||| ||und||
017 _a1978/699
040 _aJO-AjNU
_bara
_erda
_cJO-AjNU
041 _aara
050 1 4 _aDS126 1978
100 3 _aتاليف البكري، عادل,
_eauthor
_913992
245 0 0 _aصفي الدين الارموي: مجدد الموسيقى العباسية
264 3 1 _aالعراق: منشورات وزارة الثقافة والفنون، 1978
300 _a127ص
336 _atext
_btxt
_2rdacontent
337 _aunmediated
_bn
_2rdamedia
338 _avolume
_bnc
_2rdacarrier
650 4 _aصفي الدين الارموي - تراجم - موسيقى - الدولة العباسية - تاريخ
_913993
999 _aA3625
_c7193
_d7193